000 00943cam a22003137a 4500
003 CHAP
005 20220329132949.0
008 971013s1987 r 00010 d
010 _a715
011 _a1687
035 _a863
040 _cCHAP
082 _a338.9098
_bR6
100 0 0 _aRodríguez Pérez, Arturo.
_998788
245 1 3 _aLa economía latinoamericana ·crísis sin solución?
260 _aLa Habana :
_bEditorial Ciencias Sociales,
_c1987
300 _a199 p.
490 0 _aEconomía
500 _a37-189
590 _aBATCH-UPD
_b10
_c20130110
_lUCH01
_h2044
590 _aBATCH-UPD
_b10
_c20130410
_lUCH01
_h1358
590 _aBATCH-UPD
_b10
_c20130914
_lUCH01
_h2007
590 _aCONVERSION
_b10
_c20130109
_lUCH01
_h1302
650 1 4 _aAmerica Latina
_xCondiciones economicas.
_95390
830 0 _aEconomía
_935227
901 _aBK
942 _cLIBRO
949 _a338.9098 R6
_bBC
_cLIBRO
_d33724000109781
_eLIBRO
_h76935
_i863
_si
999 _c715
_d715